| 000 | 01497nam a2200349 c 4500 | ||
|---|---|---|---|
| 999 |
_c123244 _d123244 |
||
| 003 | BLK | ||
| 005 | 20221129144124.0 | ||
| 008 | 180409b bul|||||r ||||||| ||bul|| | ||
| 010 | _aKNG00128902000 | ||
| 040 | _aBLK | ||
| 041 |
_aBUL _cBUL |
||
| 080 |
_aНовогръцка литература _b821.146 _x-312.6 _z821.146-312.6 |
||
| 080 |
_aГръцки политик, деец на ПАСОК _b929 Капсис, Янис _z929 Капсис, Янис |
||
| 100 | 1 |
_aАсимакопулос, Костас _eпърви автор _933989 |
|
| 139 |
_aАсимакопулос, Костас _bА 92 |
||
| 245 | 1 | 0 |
_aКорсарят и статуята _bРоманизована биогр. [на Янис Капсис] _cКостас Асимакопулос; прев. от гр. Милко Цонев. |
| 257 | _aGRE | ||
| 260 |
_bГеорги Бакалов _c1979 _aВарна |
||
| 300 |
_a131 с. _c20 см |
||
| 380 | _aX | ||
| 490 |
_aБиблиотека Океан _v15 _9205245 |
||
| 600 | 1 | 4 |
_aКапсис, Янис _9223486 |
| 653 | _aЯнис Капсис | ||
| 653 | _aроманизувани биографии | ||
| 700 | 1 |
_aЦонев, Милко _eпрев. от гр. _9294001 |
|
| 852 | _aЦб 99339 | ||
| 856 | 4 |
_qpdf _i0.00 _ldisable |
|
| 856 | 4 |
_qpdf _i0.00 _ldisable |
|
| 942 |
_cKNG _n0 _s1 |
||
| 944 |
_aCR _c16.03.2012 _l16.03.2012 - от С1,Р / 16.03.2012 _kПенка_Димитрова |
||
| 944 |
_aED _c16.03.2012 _l16.03.2012 - от С1,Р / 16.03.2012 |
||
| 999 | _d123244 | ||